| 000 | 00971cam a22001934a 4500 | ||
|---|---|---|---|
| 005 | 20250605164237.0 | ||
| 008 | 250528s ||||||||||||||||||||||||d | ||
| 035 | _a21201 | ||
| 020 | _a9780321549419 | ||
| 040 |
_aGR-AtMCL _bgre _dGR-AtMCL _eAACR2 |
||
| 245 | 1 | _aStarting out with Python | |
| 260 |
_bPearson International Edition, _c2009 |
||
| 300 | _a488 | ||
| 520 | _aIncludes CD-ROM. Preface, Programming Fundamentals, Introduction to Computers and Programming, Input and Processing and Output, Simple Functions, Decision Structures and Boolean Logic, Repetition Structures, Value-Returning Functions and Modules, Using Objects to Perform Tasks, Files and Exceptions, Working with Sequences: Strings and Lists, Object Oriented Programming, Inheritance, Advanced Topics, Recursion, GUI Programming, Installing Python, Introduction to IDLE, The ASCII Character Set, Index. | ||
| 700 | 1 |
_aGaddis Tony _92800 |
|
| 942 | _cBK | ||
| 999 |
_c6269 _d6269 |
||